Open Data Biblioteca Nacional de Portugal


República Portuguesa: Ministério da Cultura
Biblioteca Nacional de Portugal

Catálogo da BNP: acesso por Identificadores Unívocos
Registos Bibliográficos associados ao registo de autoridade

Etiqueta de registo: 00254nam 2200025 450
001 2252380
003 http://id.bnportugal.gov.pt/bib/catbnp/2252380
010 ## $a978-989-581-690-3
021 ## $aPT$b556885/25
100 ## $a20260122d2026 m y0pory01030103ba
101 1# $apor$ceng
102 ## $aPT
105 ## $ay z 000ay
106 ## $ar
200 1# $a A correspondente$fVirginia Evans$gtrad. Sebastião Sousa
205 ## $a1ª ed
210 #9 $aAlfragide$cCasa das Letras,$d2026
215 ## $a319 p.$d24 cm
304 ## $aTít. orig.: The correspondent
675 ## $a821.111(73)-312.7"20"$vBN$zpor$31999794
700 #1 $aEvans,$bVirginia,$f1986-$31980548
702 #1 $95$aSousa,$bSebastião$4730$31980549
801 #0 $aPT$bBN$gRPC
856 41 $uhttp://rnod.bnportugal.gov.pt/ImagesBN/winlibimg.aspx?skey=&doc=2252380&img=218672&save=true
900 ## $aBIBNAC$d20260216
966 ## $lBN$mFGMON$sL. 180487 V.$x1
966 ## $lBN$mFGMON$sL. 180487 V.-D$x1
971 ## $cisantos$d20260122
972 ## $e0$z0$d20260216$vasantos
973 ## $caalmeid$d20260203
974 ## $e0$d20260601$vrsimoes
975 ## $e0$d20260225$viquintas

OpendataBNP@bnportugal.pt | Mais informação sobre acesso aos dados BNP